000 00660nam a22002177a 4500
003 OSt
005 20260427060042.0
008 260427b |||||||| |||| 00| 0 eng d
020 _a0-13-122885-4
040 _aDWCL-Main lib.
_cOC
082 _25th ed.
_aCirc. 621.382 Y86e 2004
100 _aYoung, Paul H.
245 _aElectronic communication techniques/
_cPaul H. Young
250 _a5th ed.
260 _aNew Jersey :
_bPearson Education,
_cc2004.
300 _axix, 893 pages ;
_c23 cm.
504 _aIncludes appendix & index
650 _a1. Electronics
650 _a2. Telecommunications
942 _2ddc
_cBK-CIRC
_e5th ed.
_hCirc.
_n0
999 _c9929
_d9929